LEADER 01426nam a2200337 a 4500 001 000000130271 003 CaOOAMICUS 005 20150302112815.0 008 120920s2012 it u000 u ita r 020 $a978-88-13-31570-2 040 $aPUL$bita 082 04$a347.45 110 1 $aItalia.$0(OLS)http://pul/name/1188 240 10$aCodice della giustizia amministrativa (2012).$0(OLS)http://pul/title/164647 245 10$aCodice delle leggi della giustizia amministrativa /$ca cura di Giovanni Leone ; con la collaborazione di Benedetta Leone. 250 $a2. ed. 260 $aPadova :$bCEDAM,$c2012. 300 $aXXIX, 440 p.$c21 cm 500 $aInclude indice. 500 $aTesto su due colonne. 650 4$aProcedimento amministrativo.$0(OLS)http://pul/subject/38287 700 1 $aLeone, Benedetta.$0(OLS)http://pul/name/83477 700 1 $aLeone, Giovanni,$d1908-2001.$0(OLS)http://pul/name/16599 850 $aPUL 852 $aPUL$W1$xSL Diritto e Scienze Sociali 3$y79$m342. 4506 LEOGI 1$j150798$qDDC 21$B149374$CPULBib$Z2$F149374 $H120686 $82 941 1 $a9 996 $6020$a978-88-13-31570-2$9(OLS)http://pul/number/150533 996 $6082$a347.45$9(OLS)http://pul/classification/384 996 $6245$aCodice delle leggi della giustizia amministrativa$9(OLS)http://pul/title/164648 996 $6260$aPadova :$bCEDAM$9(OLS)http://pul/publisher/48126 LEADER 01697nam a2200337 u 4500 001 000000005636 003 CaOOAMICUS 005 20150420115936.0 008 941010s1955 it u000 u ita u 035 $a10143756 040 $aRETROCON/NYGG (Catholic Univ. of America. Library)$bita$dCStRLIN$dCU-A 100 1 $aViolante, Cinzio,$d1921-$0(OLS)http://pul/name/1223 245 13$aLa pataria milanese e la riforma ecclesiastica. 260 $aRoma :$bTip. del Senato,$c1955- 300 $axi, 222 p.$c25 cm 490 1 $aIstituto storico italiano per il Medio Evo. Studi storici, ;$vfasc. 11-13 504 $aBibliographical footnotes. 505 1 $av. 1. Le premesse (1045-1057) 650 0$aPatarines.$2//eng$0(OLS)http://pul/subject/5113 650 4$aEresia.$0(OLS)http://pul/subject/5114 651 0$aMilan (Italy)$xChurch history.$2//eng$0(OLS)http://pul/subject/5115 710 2 $aIstituto storico italiano per il Medio Evo (Roma).$0(OLS)http://pul/name/3115 830 0$aStudi storici (Istituto storico italiano per il Medio Evo) ;$vfasc. 11-13.$0(OLS)http://pul/title/6355 850 $aPUL 852 $aPUL$W1$xDP1 Fondo Maccarrone$y58$m1504 F 42$j7889$nBK-PRI$b $qFondi$B7889$CPULBib$Z2$F7889 $H $81 852 $aPUL$W1$xDP1 Fondo Capitani$y116$m11 A 12.11-13$j164854$at.1$qFondi$B165137$CPULBib$Z2$F165137 $HCap2657 $82 941 1 $a1 961 $aINV: 01343 -- Fondo Mons. M. Maccarrone 961 $aNota ms. di possesso : Capitani 996 $6245$aLa pataria milanese e la riforma ecclesiastica$9(OLS)http://pul/title/8256 996 $6260$aRoma :$bTip. del Senato$9(OLS)http://pul/publisher/49033